Statistics for Captain America Quiz

Click here to take the quiz!

General Stats

  • This quiz has been taken 320 times
  • The average score is 8 of 15

Answer Stats

QuestionAnswer% Correct
Who is Captain America?Steve Rogers
96%
Who is her Girlfriend?Peggy Carter
85%
What is the name of first Villain?Red Skull
85%
Who is the person that is Genius,Billionaire,Playboy and Philantrophist?Iron Man
77%
Who is Bestfriend of Steve that is brainwashed?Winter Soldier
73%
Yes or No...ls Captain America:The First Avenger are same movie with Wonder WomanYes
70%
What is name of Tony's father that help Steve?Howard Stark
66%
Who is person meet Steve when he been jogging?Sam Wilson
62%
Who is the teenager that Captain America fought?Spider-Man
61%
What Serum that Erskine inject for Steve's body?Super Soldier Serum
41%
What movie is in the Post-Credits of Civil War?Black Panther
31%
Sidekick of the AboveArnim Zola
29%
Who is the Villain in the beginning of Civil War??Crossbones
28%
Who is the Villain in the end of Civil War??Baron Zemo
24%
Name Marvel and DC Heroes like Steve that fight during World War llWolverine and Wonder Woman
2%

Score Distribution

Percentile by Number Answered

Percent of People with Each Score

Your Score History

You have not taken this quiz